000 00556nam a2200181Ia 4500
001 16405
005 20260306170307.0
008 260306t2019||||xx |||||||||||||| ||und||
041 _aESP
082 _a348.57
_bV64
100 _aVignolo Cueva, Orlando
_eAUT
245 0 _aLa dogmática del principio de subsidiariedad horizontal:
_bliberalización de sectores y el surgimiento de la administración pública regulatoria en Perú
260 _c2019
300 _a338 páginas :
_c24 cm.
650 _aGEN
654 _aCDE
942 _cLIB
_dJUS
_fJUS
_2ddc
_n
999 _c16405
_d16405